| 000 | 00441 a2200157 4500 | ||
|---|---|---|---|
| 003 | Nust | ||
| 005 | 20230228134711.0 | ||
| 040 | _cNust | ||
| 082 | _a297.02,NAD | ||
| 100 |
_aNadvi, Muhammad Shahab udin _9109637 |
||
| 245 |
_aIslam ke Nishatt-e-Sania Quran ke Nazar main / _cMaulana Muhammad Shahab udin Nadvi |
||
| 260 |
_aKarachi _bMujlis-e-Islam |
||
| 300 | _a571:p | ||
| 650 |
_aIslam and Quran _9109638 |
||
| 942 |
_2ddc _cBK _k297.02,NAD |
||
| 999 |
_c188192 _d188192 |
||